000 00607nam a2200193 a 4500
005 20260221063937.0
008 991125s1951 bue 000 0 spa u
035 _aUPN01000007730
049 _aCE
050 4 _aLB875 D3.6
_bD4.28 1951
100 1 _aDewey, John,
_d1859-1952
245 1 3 _aLa ciencia de la educación /
_cJohn Dewey ; tr. L. Luzuriaga.
260 _aBuenos Aires :
_bLosada,
_c1951.
300 _a112 p.
440 0 _aPublicaciones de la revista de pedagogía.
_pBiblioteca del maestro ;
_v6
600 1 4 _aDEWEY, JOHN,
_d1859-1952
650 4 _aEducación
_xFilosofía
_94994
905 _aLibro
999 _c7730
_d7730